000 00977nam0a22002771 4500
001 v19\rc\1855787
005 20260503053247.0
035 _a(NLR Aleph) 004950037
090 _a5872651
_c5872651
100 _a20080221d1909 u y0rusy50 ca
101 0 _arus
102 _aRU
105 _aa z |||||
200 1 _aСамоучитель техники ученических сочинений по карточной системе
_fАлександр Мирлес
205 _a2-е изд. [печ. без перемен с 1-го изд.]
210 _aКиев
_cтип. "Петр Барский"
_d1909
215 _a64 с.
_cтабл.
_d23
700 1 _aМирлес
_bА. А.
_f1879-
_gАлександр Акимович
_9127611
_3RU\NLR\AUTH\770127636
801 0 _aRU
_bNLR
_gpsbo
801 0 _aRU
_bRuMoRGB
_2psbo
801 1 _aRU
_bProSoft-M
_2rusmarc
852 _aNLR
_j18.339.2.1058
899 _aRuMoRGB
_jU 42/223
899 _aБАН
942 _cBOOK
980 _aNB